00890nam a22002297a 4500003000500000005001700005008004100022010001000063011001000073035001000083040000900093100002800102245019600130260003700326300001000363500012400373650003200497650003700529650003200566700004200598700002000640CHAP20220329134640.0971013s1983 mx r 00010 spa d a23573 a24545 a28644 cCHAP00aChong Chávez, Isabel.10aAdquisición cooperativa de publicaciones periódicas en el área químico-médico-biológica de la UNAMc/por Isabel Chong Chávez, María de Lourdes Rovalo de Robles y Simone Thomas aTlaxcala, Tlax. :b[s.e.],c1983 a16 h. aPonencia presentada en: Reunión Nacional de Bibliotecarios y Documentalistas Gubernamentales. 2, Tlaxcala, Tlax. 198314aAdquisiciones (Bibliotecas)14aCooperación entre bibliotecas.14aPublicaciones periódicas.0 aRovalo de Robles, María de Lourdes.0 aThomas, Simone.